Chân dung mới của CFO : Cách nhà quản trị tài chính thay đổi vai trò của mình để mang lại giá trị lớn hơn = Reinventing the CFO: how financial managers can transform their roles and add greater value

محفوظ في:
التفاصيل البيبلوغرافية
المؤلف الرئيسي: Hope, Jeremy
التنسيق: كتاب
اللغة:Undetermined
منشور في: Hà Nội Trẻ 2008
الوسوم: إضافة وسم
لا توجد وسوم, كن أول من يضع وسما على هذه التسجيلة!
Thư viện lưu trữ: Trung tâm Học liệu Trường Đại học Cần Thơ
LEADER 00709nam a2200181Ia 4500
001 CTU_132144
008 210402s9999 xx 000 0 und d
020 |c 58000 
082 |a 658.15 
082 |b H791 
100 |a Hope, Jeremy 
245 0 |a Chân dung mới của CFO : 
245 0 |b Cách nhà quản trị tài chính thay đổi vai trò của mình để mang lại giá trị lớn hơn = Reinventing the CFO: how financial managers can transform their roles and add greater value 
245 0 |c Jeremy Hope ; Trần Thị Ngân Tuyến biên dịch 
260 |a Hà Nội 
260 |b Trẻ 
260 |c 2008 
980 |a Trung tâm Học liệu Trường Đại học Cần Thơ